000 00427nam a2200181Ia 4500
001 12846
005 20260306163010.0
008 260306t2013||||xx |||||||||||||| ||spa||
041 _aESP
082 _aRD 346.03
_bA91
100 _aEsquivel Oviedo, Juan Carlos
_eAUT
245 0 _aDiccionario civil
260 _c2013
300 _a557 páginas :
_c25 cm.
650 _aGEN
654 _aCDE
942 _cDIC
_dJUS
_fJUS
_2ddc
_n
999 _c12846
_d12846